000 00711nam a2200289Ia 4500
005 20260324130650.0
008 008 260324s9999 xx 000 0 eng d
020 _a9780429245503
037 _aEBOOK
040 _aCRL
040 _beng
040 _cCRL
041 _2eng
041 _aeng
084 _qCRL
100 _aRobert Handfield; Kevin P. McCormack
_91182635
245 0 _aSupply Chain Risk Management
245 0 _bMinimizing Disruptions in Global Sourcing
260 _bTaylor and Francis
260 _c2007
365 _a
365 _b180
856 _uhttp://www.taylorfrancis.com/books/9780429245503
942 _cEBOOK
999 _c1779003
_d1779003